000 00292nam a2200121 a 4500
005 20140414132110.0
008 110823s19uu xx 00 eng d
050 _aTR
_bK94 2010
100 _aChua, Scott Lee
245 _aKuala Lumpur.
260 _aManila :
_bAnvil,
_c2010.
999 _c114716
_d114716